[Event "Alzira op 12th"]
[Site "Alzira"]
[Date "2022.12.28"]
[Round "3"]
[White "Cuco Remigia, David"]
[Black "Crespo Calatayud, Santiago"]
[Result "0-1"]
[WhiteElo "1140"]
[BlackElo "1688"]
[PlyCount "86"]
[EventDate "2022.12.27"]
[EventType "swiss"]
[EventRounds "8"]
[EventCountry "ESP"]
[SourceTitle "CBM 212 Extra"]
[Source "ChessBase"]
[SourceDate "2023.03.31"]
[SourceVersion "1"]
[SourceVersionDate "2023.03.31"]
[SourceQuality "1"]

1. e4 c5 2. Nf3 g6 3. Nc3 Bg7 4. Bc4 Nc6 5. 0-0 Nf6 6. d3 0-0 7. h3 Na5 8. Bb3 Nxb3 9. axb3 d5 10. e5 Nd7 11. d4 cxd4 12. Qxd4 Nb6 13. Be3 Bf5 14. Rac1 f6 15. Bf4 Qd7 16. Rfd1 Rfd8 17. Ne2 Rac8 18. c3 g5 19. Bg3 Qb5 20. Qe3 Be4 21. Ned4 Qd7 22. e6 Qe8 23. Nd2 Bg6 24. Ra1 Ra8 25. c4 dxc4 26. bxc4 f5 27. Bc7 Rxd4 28. Be5 Bxe5 29. Qxe5 Qd8 30. c5 Nc4 31. Nxc4 Rxd1+ 32. Rxd1 Qxd1+ 33. Kh2 Qd8 34. g4 fxg4 35. Qxg5 gxh3 36. Ne5 Qd5 37. Kxh3 Qxe6+ 38. Kh4 Qf6 39. Qxf6 exf6 40. Nd7 Kf7 41. c6 bxc6 42. Nc5 Rb8 43. Nd3 Bxd3 0-1

[Event "Alzira op 12th"]
[Site "Alzira"]
[Date "2022.12.28"]
[Round "4"]
[White "Huerta Martinez, Alberto"]
[Black "Cuco Remigia, David"]
[Result "1/2-1/2"]
[WhiteElo "1937"]
[BlackElo "1140"]
[PlyCount "105"]
[EventDate "2022.12.27"]
[EventType "swiss"]
[EventRounds "8"]
[EventCountry "ESP"]
[SourceTitle "CBM 212 Extra"]
[Source "ChessBase"]
[SourceDate "2023.03.31"]
[SourceVersion "1"]
[SourceVersionDate "2023.03.31"]
[SourceQuality "1"]

1. d4 d5 2. c4 Nf6 3. cxd5 Nxd5 4. e4 Nb6 5. Nf3 Bg4 6. Be2 e6 7. 0-0 Be7 8. Be3 0-0 9. Nc3 f6 10. Qd2 Bd6 11. a3 e5 12. b3 Bxf3 13. Bxf3 f5 14. dxe5 Bxe5 15. Qxd8 Rxd8 16. Rad1 Nc6 17. Nd5 fxe4 18. Bxe4 Re8 19. f3 Rad8 20. Nxb6 axb6 21. Bg5 Rxd1 22. Rxd1 Bb2 23. Rd7 Bxa3 24. Rxc7 Be7 25. Bxc6 Bc5+ 26. Kf1 bxc6 27. Rxc6 Ra8 28. b4 Ra1+ 29. Ke2 Ra2+ 30. Kd3 Bxb4 31. Rxb6 Rxg2 32. h4 Bc5 33. Rb8+ Kf7 34. Rb7+ Kg6 35. h5+ Kxh5 36. Bf4 Kg6 37. Be5 Bf8 38. Ke4 Re2+ 39. Kf4 Ra2 40. Kg4 Ra4+ 41. f4 h5+ 42. Kh4 Ra6 43. Bb8 Bd6 44. f5+ Kxf5 45. Bxd6 Rxd6 46. Rxg7 Rd2 47. Rf7+ Kg6 48. Ra7 Rd4+ 49. Kh3 Rf4 50. Ra8 Rf7 51. Kh4 Rf4+ 52. Kh3 Rf7 53. Ra3 1/2-1/2